000 00707nam a2200241Ia 4500
003 OSt
005 20220918180804.0
006 a|||||r|||| 00| 0
007 ta
008 220917b |||||||| |||| 00| 0 eng d
024 _a24,132
037 _cTextual
040 _aARTS
_cARTS
_beng
041 _2eng
_aeng
082 _aO111w, N7
100 _aNalbantian Suzanne
_957082
245 0 _aAesthetic autobiography
_b from life to art in Marcel Proust , James Joyce , Virginia Woolf and Anais Nin
260 _aLondon
_bMacmillan
_c1997
300 _axi,223p.
_ccm.
650 _aENGLISH LITERATURE
942 _hO111w, N7
_cTEXL
_2CC
999 _c163116
_d163116